| 000 | 00000nas 2200000zi 4500 |
| 001 | 9.901484 |
| 003 | CaOODSP |
| 005 | 20231129100507 |
| 006 | m o d f |
| 007 | cr cn||||||||| |
| 008 | 210707d20192019qucar p o f0 a0eng|d |
| 022 | |a2564-114X |
| 040 | |aCaOODSP|beng|erda|cCaOODSP |
| 043 | |an-cn--- |
| 086 | 1 |aEm5-9E-PDF |
| 222 | 0|aAnnual report, occupational injuries amongst employees under federal jurisdiction |
| 245 | 00|a... annual report, occupational injuries amongst employees under federal jurisdiction. |
| 264 | 1|a[Gatineau, Quebec] : |bEmployment and Social Development Canada = Emploi et développement social, |c2021. |
| 310 | |aAnnual |
| 336 | |atext|btxt|2rdacontent |
| 337 | |acomputer|bc|2rdamedia |
| 338 | |aonline resource|bcr|2rdacarrier |
| 362 | 1 |aBegan and ceased with 2019. |
| 500 | |aIssued also in French under title: Accidents du travail chez les employés relevant de la compétence fédérale. |
| 588 | |aDescription based on: 2019. |
| 588 | |aLatest issue consulted: 2019. |
| 650 | 0|aIndustrial accidents|zCanada|vPeriodicals. |
| 655 | 7|aPeriodicals|2lcgft |
| 710 | 1 |aCanada. |bEmployment and Social Development Canada, |eissuing body. |
| 775 | 08|tRapport annuel ... , accidents du travail chez les employés relevant de la compétence fédérale.|w(CaOODSP)9.901485 |
| 780 | 00|tOccupational injuries amongst federal jurisdiction employers.|w(CaOODSP)9.840020 |
| 785 | 00|t... annual report. |w(CaOODSP)9.912658 |